| 000 | 01839nam a2200385 a 4500 | ||
|---|---|---|---|
| 001 | ebr10509947 | ||
| 003 | CaPaEBR | ||
| 006 | m u | ||
| 007 | cr cn||||||||| | ||
| 008 | 110825s2011 mau sb 001 0 eng d | ||
| 010 | _z 2011034876 | ||
| 020 | _z9781611680386 (cloth : alk. paper) | ||
| 020 | _z9781611680393 (pbk. : alk. paper) | ||
| 020 | _z9781611680409 (e-book) | ||
| 040 |
_aCaPaEBR _cCaPaEBR |
||
| 035 | _a(OCoLC)769188974 | ||
| 043 |
_aaw----- _aa-is--- |
||
| 050 | 1 | 4 |
_aDS119.76 _b.S87 2011eb |
| 082 | 0 | 4 |
_a956.9405/4 _223 |
| 100 | 1 | _aSusser, Asher. | |
| 245 | 1 | 0 |
_aIsrael, Jordan, and Palestine _h[electronic resource] : _bthe two-state imperative / _cAsher Susser. |
| 260 |
_aWaltham, Mass. : _bBrandeis University Press, _cc2011. |
||
| 300 | _axiii, 297 p. | ||
| 500 | _a"A Crown Center for Middle East Studies Book." | ||
| 504 | _aIncludes bibliographical references and index. | ||
| 505 | 0 | _aBetween binationalism and partition -- The Palestinians and the two-state idea: a guide for the perplexed -- Israel and the two-state paradigm: from reluctant acquiescence to self-interest -- The alternative: the promotion of the one-state agenda -- The evolution of the Jordanian role -- The revival of the two-state imperative. | |
| 533 |
_aElectronic reproduction. _bPalo Alto, Calif. : _cebrary, _d2011. _nAvailable via World Wide Web. _nAccess may be limited to ebrary affiliated libraries. |
||
| 650 | 0 |
_aArab-Israeli conflict _y1993- _xPeace. |
|
| 650 | 0 | _aArab-Israeli conflict. | |
| 650 | 0 | _aPacific settlement of international disputes. | |
| 651 | 0 |
_aPalestine _xInternational status. |
|
| 655 | 7 |
_aElectronic books. _2local |
|
| 710 | 2 | _aebrary, Inc. | |
| 856 | 4 | 0 |
_uhttp://site.ebrary.com/lib/rucke/Doc?id=10509947 _zAn electronic book accessible through the World Wide Web; click to view |
| 999 |
_c115930 _d115930 |
||